[Event "SVK-chT 0910"]
[Site "Slovakia"]
[Date "2010.03.13"]
[Round "10"]
[White "Veres, Andrej"]
[Black "Harasta, Igor"]
[Result "0-1"]
[WhiteElo "2175"]
[BlackElo "2141"]
[PlyCount "79"]
[EventDate "2009.10.24"]
[EventType "team-tourn"]
[EventRounds "11"]
[EventCountry "SVK"]
[SourceTitle "EXT 2019"]
[Source "ChessBase"]
[SourceDate "2018.10.10"]
[SourceVersion "1"]
[SourceVersionDate "2018.10.10"]
[SourceQuality "1"]
[WhiteTeam "Dubnica nad Vahom"]
[BlackTeam "Zilina Mladost"]
[WhiteTeamCountry "SVK"]
[BlackTeamCountry "SVK"]

1. d4 Nf6 2. c4 g6 3. Nc3 Bg7 4. e4 d6 5. Nf3 0-0 6. Be2 e5 7. 0-0 Nbd7 8. Be3 c6 9. Qc2 Qe7 10. d5 c5 11. Bg5 h6 12. Bd2 Nh5 13. g3 f5 14. Nh4 Nf4 15. Bxf4 exf4 16. Nxg6 Qg5 17. exf5 fxg3 18. fxg3 Ne5 19. Nxe5 Bxe5 20. Bd3 Bd7 21. Rae1 Qg7 22. Kh1 Rf7 23. Ne4 Rxf5 24. Rxf5 Bxf5 25. Nxc5 Bg4 26. Be2 Bxb2 27. Bxg4 dxc5 28. Be6+ Kh8 29. Rf1 Bf6 30. Qf2 Be7 31. Qf7 Rf8 32. Qxg7+ Kxg7 33. Rb1 b6 34. Kg2 Kf6 35. Re1 Rb8 36. Bg4 Bf8 37. d6 Kg5 38. Re5+ Kf6 39. Rf5+ Kg6 40. Re5 0-1

[Event "SVK-chT1E 0910"]
[Site "Slovakia"]
[Date "2009.12.13"]
[Round "5.3"]
[White "Bakalar, Jan"]
[Black "Harasta, Igor"]
[Result "0-1"]
[WhiteElo "2120"]
[BlackElo "2141"]
[PlyCount "56"]
[EventDate "2009.10.17"]
[EventType "team"]
[EventRounds "11"]
[EventCountry "SVK"]
[SourceTitle "EXT 2011"]
[Source "ChessBase"]
[SourceDate "2010.11.26"]
[SourceVersion "1"]
[SourceVersionDate "2010.11.26"]
[SourceQuality "1"]
[WhiteTeam "Rajecke Teplice"]
[BlackTeam "Zilina Mladost juniors"]
[WhiteTeamCountry "SVK"]
[BlackTeamCountry "SVK"]

1. e4 c5 2. Nf3 d6 3. d4 cxd4 4. Nxd4 Nf6 5. Nc3 a6 6. h3 e6 7. g4 Be7 8. Bg2 0-0 9. 0-0 Qc7 10. g5 Nfd7 11. h4 Nc6 12. Nce2 Re8 13. c4 Rb8 14. b3 b6 15. Nxc6 Qxc6 16. Bb2 Bb7 17. Nf4 Bf8 18. h5 Qc5 19. Nh3 f5 20. gxf6 Nxf6 21. Bxf6 gxf6 22. Qg4+ Kf7 23. Kh1 Bh6 24. f4 Rg8 25. Ng5+ Bxg5 26. fxg5 Rxg5 27. Qf3 Rxh5+ 28. Bh3 Qe5 0-1